Microeconomics / (Record no. 6843)

MARC details
000 -LEADER
fixed length control field 00639nam a22002297a 4500
003 - CONTROL NUMBER IDENTIFIER
control field OSt
005 - DATE AND TIME OF LATEST TRANSACTION
control field 20210329133107.0
008 - FIXED-LENGTH DATA ELEMENTS--GENERAL INFORMATION
fixed length control field 210329b ||||| |||| 00| 0 eng d
020 ## - INTERNATIONAL STANDARD BOOK NUMBER
International Standard Book Number 0070901651
040 ## - CATALOGING SOURCE
Transcribing agency DLC
082 ## - DEWEY DECIMAL CLASSIFICATION NUMBER
Classification number 338.5 COL 2003
100 ## - MAIN ENTRY--PERSONAL NAME
Personal name Colander, David C
9 (RLIN) 12212
245 ## - TITLE STATEMENT
Title Microeconomics /
Statement of responsibility, etc. David C. Colander, Peter S. Sephton, Charlene Richter
250 ## - EDITION STATEMENT
Edition statement 2nd.ed
260 ## - PUBLICATION, DISTRIBUTION, ETC. (IMPRINT)
Place of publication, distribution, etc. Toronto
Name of publisher, distributor, etc. McGraw-Hill
Date of publication, distribution, etc. 2003
300 ## - PHYSICAL DESCRIPTION
Extent xxiii,486p;
Other physical details col.ill :
Dimensions 25 cm.
504 ## - BIBLIOGRAPHY, ETC. NOTE
Bibliography, etc Includes index
650 ## - SUBJECT ADDED ENTRY--TOPICAL TERM
Source of heading or term Economics
700 ## - ADDED ENTRY--PERSONAL NAME
Personal name Sephton, Peter S.
9 (RLIN) 12213
700 ## - ADDED ENTRY--PERSONAL NAME
Personal name Richter, Charlene
9 (RLIN) 12214
942 ## - ADDED ENTRY ELEMENTS (KOHA)
Source of classification or shelving scheme Dewey Decimal Classification
Koha item type Open Shelf
Holdings
Withdrawn status Lost status Source of classification or shelving scheme Damaged status Not for loan Home library Current library Date acquired Source of acquisition Inventory number Total Checkouts Full call number Barcode Date last seen Date last checked out Price effective from Koha item type
    Dewey Decimal Classification     MUST Main Library MUST Main Library 29/03/2021 Purchase 2005/24113 1 338.5 COL 2003 2021-0339 24/05/2021 29/03/2021 29/03/2021 Open Shelf